En bok om borderline / (Post nr. 54402)
[ visa ren ]
| 000 -LEADER | |
|---|---|
| fixed length control field | 01874cam a22004457a 4500 |
| 001 - CONTROL NUMBER | |
| control field | 18839783 |
| 003 - CONTROL NUMBER IDENTIFIER | |
| control field | LIBRIS |
| 005 - DATE AND TIME OF LATEST TRANSACTION | |
| control field | 20201109144606.0 |
| 008 - FIXED-LENGTH DATA ELEMENTS--GENERAL INFORMATION | |
| fixed length control field | 151218s2015 sw a||||||||||001 0|swe|d |
| 020 ## - INTERNATIONAL STANDARD BOOK NUMBER | |
| International Standard Book Number | 9789127144910 |
| Qualifying information | häftad |
| 035 ## - SYSTEM CONTROL NUMBER | |
| System control number | (BOKR)9789127144910 |
| 040 ## - CATALOGING SOURCE | |
| Original cataloging agency | BOKR |
| Modifying agency | H |
| Description conventions | a |
| 041 ## - LANGUAGE CODE | |
| Language code of text/sound track or separate title | swe |
| 082 04 - DEWEY DECIMAL CLASSIFICATION NUMBER | |
| Classification number | 616.85852 |
| Edition number | 22 |
| 084 ## - OTHER CLASSIFICATION NUMBER | |
| Classification number | Vlac |
| Number source | kssb/8 (machine generated) |
| 100 1# - MAIN ENTRY--PERSONAL NAME | |
| Personal name | Crafoord, Clarence, |
| Dates associated with a name | 1936- |
| Authority record control number or standard number | https://libris.kb.se/wt79952f37vr9wc#it |
| 245 13 - TITLE STATEMENT | |
| Title | En bok om borderline / |
| Statement of responsibility, etc. | Clarence Crafoord. |
| 264 #1 - PRODUCTION, PUBLICATION, DISTRIBUTION, MANUFACTURE, AND COPYRIGHT NOTICE | |
| Place of production, publication, distribution, manufacture | Stockholm : |
| Name of producer, publisher, distributor, manufacturer | Natur & Kultur : |
| -- | Print on demand, |
| Date of production, publication, distribution, manufacture, or copyright notice | 2015 |
| 300 ## - PHYSICAL DESCRIPTION | |
| Extent | 260 s. |
| Other physical details | ill. : |
| Dimensions | 21 cm |
| 340 ## - PHYSICAL MEDIUM | |
| Dimensions | 21 cm |
| 650 #7 - SUBJECT ADDED ENTRY--TOPICAL TERM | |
| Topical term or geographic name entry element | Borderline |
| Authority record control number or standard number | https://id.kb.se/term/sao/Borderline |
| Source of heading or term | sao |
| 650 #0 - SUBJECT ADDED ENTRY--TOPICAL TERM | |
| Topical term or geographic name entry element | Borderline personality disorder |
| 887 ## - NON-MARC INFORMATION FIELD | |
| Content of non-MARC field | {"@id":"fzr2njtr0tfdch6","modified":"2016-10-11T16:02:59+02:00","checksum":"84771101686"} |
| Source of data | librisxl |
| 887 ## - NON-MARC INFORMATION FIELD | |
| Content of non-MARC field | {"@id":"v079vd31538rlp6","modified":"2017-02-06T17:29:36+01:00","checksum":"26784739688"} |
| Source of data | librisxl |
| 887 ## - NON-MARC INFORMATION FIELD | |
| Content of non-MARC field | {"@id":"s2rpqd7pq91js5qw","modified":"2018-07-23T10:24:14.397+02:00","checksum":"29013624954"} |
| Source of data | librisxl |
| 887 ## - NON-MARC INFORMATION FIELD | |
| Content of non-MARC field | {"@id":"nxf5113fl722fb3n","modified":"2019-02-07T15:16:35.272+01:00","checksum":"18299907850"} |
| Source of data | librisxl |
| 887 ## - NON-MARC INFORMATION FIELD | |
| Content of non-MARC field | {"@id":"7kd1ncv85pspfn85","modified":"2020-01-30T13:25:31.004+01:00","checksum":"26861926738"} |
| Source of data | librisxl |
| 942 ## - ADDED ENTRY ELEMENTS (KOHA) | |
| Source of classification or shelving scheme | Other/Generic Classification Scheme |
| Koha item type | Bok |
| Withdrawn status | Lost status | Source of classification or shelving scheme | Damaged status | Not for loan | Home library | Current library | Date acquired | Total Checkouts | Full call number | Barcode | Date last seen | Price effective from | Koha item type |
|---|---|---|---|---|---|---|---|---|---|---|---|---|---|
| Other/Generic Classification Scheme | Lindesbergs Medicinska Bibliotek | Lindesbergs Medicinska Bibliotek | 09/11/2020 | WM 190 | 800643683707B | 09/11/2020 | 09/11/2020 | Bok |